00473 2200169 4500001002100000008004100021035002000062245007200082100001800154260003000172020001800202084001600220082001000236990001900246990001900265990001900284INLIS000000000000198 ind  a0010-0924000187 aMIKROPRSOSESOR INTEL : 8086/8088,80186/80188,..EDISI KELIMA JILIT 1 aBARRY B. BREY aJAKARTA :bERLANGGAc2003 a979-688-482-8 a004.3 BAR m a004.3 a000.2019.00130 a000.2019.00131 a000.2019.00132